000 00538nam a2200193Ia 4500
005 20250326145453.0
008 250326s9999 xx 000 0 und d
037 _aTextbook
040 _aFMSL
_beng
_cFMSL
041 _aeng
_2eng
084 _qFMSL
100 _aPiotrowicz W
_9751222
245 0 _aSupply chain design and management for emerging markets
_cPiotrowicz W; Cuthberston R
260 _aNY
_bNY, Springer
_c2015
365 _b7565.2399999999998
650 _aManagement
942 _cTB
999 _c1307688
_d1307688